| Tag |
First Indicator |
Second Indicator |
Subfields |
| LEADER |
00000cam a2200000Mi 4500 |
| 001 |
in00003560121 |
| 006 |
m o d |
| 007 |
cr mnu---uuaaa |
| 008 |
120105s1990 sz o 000 0 eng |
| 005 |
20260422225544.1 |
| 020 |
|
|
|a 9783034871280 (electronic bk.)
|
| 020 |
|
|
|a 3034871287 (electronic bk.)
|
| 020 |
|
|
|z 9783034871303
|
| 020 |
|
|
|z 3034871309
|
| 020 |
|
|
|z 3034871287
|
| 035 |
|
|
|a (OCoLC)851823722
|
| 040 |
|
|
|a AU@
|b eng
|e pn
|c AU@
|d GW5XE
|d OCLCQ
|d UtOrBLW
|
| 049 |
|
|
|a TXAM
|
| 050 |
|
4 |
|a Q1-390
|
| 072 |
|
7 |
|a YQS
|2 bicssc
|
| 072 |
|
7 |
|a SCI000000
|2 bisacsh
|
| 100 |
1 |
|
|a Jucker, Ernst.
|
| 245 |
1 |
0 |
|a Progress in Drug Research /
|c Fortschritte der Arzneimittelforschung / Progrès des recherches pharmaceutiques / edited by Ernst Jucker.
|
| 264 |
|
1 |
|a Basel :
|b Birkhäuser Basel,
|c 1990.
|
| 300 |
|
|
|a 1 online resource (547 pages)
|
| 336 |
|
|
|a text
|b txt
|2 rdacontent
|
| 337 |
|
|
|a computer
|b c
|2 rdamedia
|
| 338 |
|
|
|a online resource
|b cr
|2 rdacarrier
|
| 490 |
1 |
|
|a Progress in Drug Research / Fortschritte der Arzneimittelforschung / Progrès des recherches pharmaceutiques ;
|v 34
|
| 500 |
|
|
|a Electronic resource.
|
| 650 |
|
0 |
|a Science (General)
|
| 655 |
|
7 |
|a Electronic books.
|2 local
|
| 710 |
2 |
|
|a SpringerLink (Online service)
|
| 776 |
1 |
8 |
|i Print version:
|z 9783034871303
|
| 830 |
|
0 |
|a Progress in Drug Research / Fortschritte der Arzneimittelforschung / Progrès des recherches pharmaceutiques ; ;
|v 34.
|
| 856 |
4 |
0 |
|u http://proxy.library.tamu.edu/login?url=https://link.springer.com/10.1007/978-3-0348-7128-0
|z Connect to the full text of this electronic book
|t 0
|
| 994 |
|
|
|a 92
|b TXA
|
| 999 |
|
|
|a MARS
|
| 999 |
f |
f |
|s 862e1763-d794-30cc-8444-1adb6773448f
|i d855547b-b543-308f-87f0-d071f03fdca7
|t 0
|
| 952 |
f |
f |
|a Texas A&M University
|b College Station
|c Electronic Resources
|s www_evans
|d Available Online
|t 0
|e Q1-390
|h Library of Congress classification
|
| 998 |
f |
f |
|a Q1-390
|t 0
|l Available Online
|